Anteproyecto de la terminal regional terrestre de la Costa Caribe en Managua
Presenta un anteproyecto de la terminal regional terrestre de la costa caribe que corresponda al criterio de necesidad de las ciudades para conectarse entre ellas, sin embargo la unión de estos no es solamente de transportar, sino de crear una infraestructura como terminal que proviene de un plan i...
| Main Authors: | , , |
|---|---|
| Other Authors: | |
| Format: | Tesis Section = Libro |
| Language: | Undetermined Spanish |
| Published: |
Managua
UNI
2020
|
| Subjects: |
| LEADER | 01313nam a2200289Ia 4500 | ||
|---|---|---|---|
| 008 | 240830s9999 xx 000 0 und d | ||
| 040 | |a BIBLIOTECA-RUSB/ Mon 711.4 L864 | ||
| 041 | |a spa | ||
| 082 | |a Mon 711.4 L864 | ||
| 100 | 1 | |a López Lovo, Jessel María | |
| 100 | 1 | |b Irschitz Gallo, Oktavia María | |
| 100 | 1 | |c Peña Jiménez, Wendy Patricia | |
| 245 | 1 | 0 | |a Anteproyecto de la terminal regional terrestre de la Costa Caribe en Managua |
| 260 | |a Managua |b UNI |c 2020 | ||
| 300 | |a 88 p. :il. | ||
| 500 | |a Contiene: anexos y CD. | ||
| 502 | |a Tesis (Arquitecto) - UNI, 2020. | ||
| 520 | 3 | |a Presenta un anteproyecto de la terminal regional terrestre de la costa caribe que corresponda al criterio de necesidad de las ciudades para conectarse entre ellas, sin embargo la unión de estos no es solamente de transportar, sino de crear una infraestructura como terminal que proviene de un plan integral de gobernabilidad que permita otros recursos como complementos para la unificación de estas zonas. | |
| 650 | 7 | |a PLANIFICACION RURAL | |
| 650 | 7 | |b PROYECTOS URBANOS | |
| 650 | 7 | |c TRANSPORTE TERRESTRE | |
| 650 | 7 | |d ESTRUCTURAS ARQUITECTONICAS | |
| 650 | 7 | |e TERMINAL DE BUSES- COSTA CARIBE | |
| 700 | 1 | |a Tutor: |b Treminio Sandoval, Juan Pablo | |
| 942 | |c BK |2 ddc | ||
| 991 | |a TESIS | ||
| 999 | |c 20926 | ||